Quality improvement techniques in construction (Record no. 103567)

MARC details
000 -LEADER
fixed length control field 01599cam a2200421 4500
008 - FIXED-LENGTH DATA ELEMENTS--GENERAL INFORMATION
fixed length control field 040506n1998 000 0 eng u
020 ## - INTERNATIONAL STANDARD BOOK NUMBER
International Standard Book Number 0582307767
035 ## - SYSTEM CONTROL NUMBER
System control number (Sirsi) u126128
041 ## - LANGUAGE CODE
Language code of text/sound track or separate title eng
050 ## - LIBRARY OF CONGRESS CALL NUMBER
Classification number 690.3
-- 18
100 ## - MAIN ENTRY--PERSONAL NAME
Personal name McCabe, Steven
245 ## - TITLE STATEMENT
Title Quality improvement techniques in construction
260 ## - PUBLICATION, DISTRIBUTION, ETC.
Place of publication, distribution, etc. Harlow
Name of publisher, distributor, etc. Longman
Date of publication, distribution, etc. 1998
300 ## - PHYSICAL DESCRIPTION
Extent x, 230p.
Dimensions 24cm.
350 ## - PRICE (NR) (BK AM CF MU VM SE) [OBSOLETE]
Price 18.89
505 ## - FORMATTED CONTENTS NOTE
Formatted contents note What is quality management?
505 ## - FORMATTED CONTENTS NOTE
Formatted contents note The historical development of quality management
505 ## - FORMATTED CONTENTS NOTE
Formatted contents note The gurus of quality management
505 ## - FORMATTED CONTENTS NOTE
Formatted contents note The use of quality assurance
505 ## - FORMATTED CONTENTS NOTE
Formatted contents note The importance of quality managers
505 ## - FORMATTED CONTENTS NOTE
Formatted contents note From quality assurance to Total Quality Management (TQM): achieving a change in culture
505 ## - FORMATTED CONTENTS NOTE
Formatted contents note The importance of people
505 ## - FORMATTED CONTENTS NOTE
Formatted contents note Leadership for TQM
505 ## - FORMATTED CONTENTS NOTE
Formatted contents note Using quality improvement techniques
505 ## - FORMATTED CONTENTS NOTE
Formatted contents note Other ways to achieve improvement
505 ## - FORMATTED CONTENTS NOTE
Formatted contents note Looking to the future: is there life after TQM
505 ## - FORMATTED CONTENTS NOTE
Formatted contents note Quality management in the construction industry: practical applications
505 ## - FORMATTED CONTENTS NOTE
Formatted contents note The journey to TQM: contractors' experiences
520 ## - SUMMARY, ETC.
Summary, etc. Aimed at students of the built environment, this book explains the techniques of quality management and looks at their application in the construction industry. References.
650 ## - SUBJECT ADDED ENTRY--TOPICAL TERM
Topical term or geographic name entry element QUALITY MANAGEMENT
650 ## - SUBJECT ADDED ENTRY--TOPICAL TERM
Topical term or geographic name entry element CONSTRUCTION INDUSTRY
650 ## - SUBJECT ADDED ENTRY--TOPICAL TERM
Topical term or geographic name entry element QUALITY ASSURANCE
650 ## - SUBJECT ADDED ENTRY--TOPICAL TERM
Topical term or geographic name entry element ISO 9000
650 ## - SUBJECT ADDED ENTRY--TOPICAL TERM
Topical term or geographic name entry element TOTAL QUALITY MANAGEMENT
690 ## - LOCAL SUBJECT ADDED ENTRY--TOPICAL TERM (OCLC, RLIN)
Topical term or geographic name as entry element BUILDING AND CONSTRUCTION-MANAGEMENT
942 ## - ADDED ENTRY ELEMENTS (KOHA)
Suppress in OPAC 0
Holdings
Withdrawn status Lost status Source of classification or shelving scheme Damaged status Not for loan Home library Current library Shelving location Date acquired Total Checkouts Full call number Barcode Date last seen Date last checked out Copy number Price effective from Koha item type
    Dewey Decimal Classification     London London Books 24/04/2007 3 690.3 MCC 30073791 06/08/2019 24/11/2008 1 06/08/2019 Book